Lengua y literatura 1 /

Guardado en:
Autor Principal: Guido, María Rita
Formato: Libro
Publicado: Argentina : El Ateneo, 1989
Edición:5
Etiquetas: Agregar Etiqueta
Sin Etiquetas, Sea el primero en etiquetar este registro!
LEADER 00431nam a22001575a 4500
001 CEM.cems003069
005 19000101000000.0
008 130507s1989##################000#0#####d
003 CEMS
082 0 4 |a 468 
100 1 |a Guido, María Rita 
245 1 0 |a Lengua y literatura 1 /  |c María Rita Guido 
250 |a 5 
260 |a Argentina :  |b El Ateneo,  |c 1989 
300 |a 2231 p. 
859 |a CEMS  |b BIB. CEMS - 11 de abril  |h 468  |i G942A5/I  |p 15697.90  |t Ej.1